| 000 | 00602nam a2200205Ia 4500 | ||
|---|---|---|---|
| 005 | 20250508165449.0 | ||
| 008 | 008 250505s9999 xx 000 0 hin d | ||
| 020 | _a978-93-5072-465-1 | ||
| 037 | _aTextual | ||
| 040 |
_aFEDL _beng _cFEDL |
||
| 041 |
_ahin _2hin |
||
| 084 |
_a891.433, KSH _qFEDL |
||
| 100 |
_aKshrotriya Parbhakar _9780942 |
||
| 245 | 0 | _aShashvatoyam: Mahabharat ki chunee hui kathaon ka navmulyankan | |
| 260 |
_aNew Delhi, India _bVani Prakashan _c2013 |
||
| 300 | _a215p. | ||
| 365 |
_aINR _b395 |
||
| 942 |
_cTEXL _h891.433, KSH |
||
| 999 |
_c1395238 _d1395238 |
||